Statistiche per 10 capitali più settentrionali d'Europa

Clicka qui per fare il quiz!

Statistiche generali

  • Questo quiz è stato fatto 164 volte
  • Il punteggio medio è 9 su 10

Statistiche sulle risposte

latitudineCapitale% Corretto
59°95'NOslo
99%
59.32'NStoccolma
97%
60°17'NHelsinki
95%
55°75'NMosca
95%
55°67'NCopenaghen
91%
56°93'NRiga
89%
63°14'NReykjavík
87%
59°43'NTallinn
83%
54°68'NVilnius
75%
53°54'NMinsk
65%

Distribuzione punteggi

Percentile per numero di risposta

Percentuale di utenti per punteggio

I tuoi punteggi nel tempo

Non hai fatto questo quiz